| 000 | 00474cam a2200181ua 4500 | ||
|---|---|---|---|
| 001 | 5594 | ||
| 008 | 131005n ii |||gr||||Z||||||asm | ||
| 040 | _cMAIN | ||
| 082 | _a954.162 | ||
| 245 |
_aAsom Buronjir Kotha _cBy Surya Kumar Bhuyan |
||
| 250 | _a1st ed. | ||
| 260 |
_aDibrugarh: _bBani Mandir, _c2010. _aGuwahati: _aTezpur: _aJorhat: |
||
| 300 | _ax,259p. | ||
| 653 | _aHistory | ||
| 653 | _aAsom Buronjir Kotha | ||
| 700 |
_aBhuyan,Surya Kumar, _eAuthor. |
||
| 942 | _cBK | ||
| 999 |
_c4755 _d4755 |
||